Bhakti & nationalist movement (Record no. 520894)

000 -LEADER
fixed length control field 00736nam a22001577a 4500
008 - FIXED-LENGTH DATA ELEMENTS--GENERAL INFORMATION
fixed length control field 221026b ||||| |||| 00| 0 eng d
100 ## - MAIN ENTRY--PERSONAL NAME
Personal name Rakshit, Moloy
245 ## - TITLE STATEMENT
Title Bhakti & nationalist movement
260 ## - PUBLICATION, DISTRIBUTION, ETC. (IMPRINT)
Place of publication, distribution, etc Yojana
300 ## - PHYSICAL DESCRIPTION
Extent 66(10), Oct, 2022: p.45-47
520 ## - SUMMARY, ETC.
Summary, etc The song, Vande Mataram, written originally in 1875, was used by Bankim Chandra in his novel Anand Marth, in 1882 Bankim believed that this songs could course waves cross the entirety of Indian and it come to be ranked almost as the national anthem since 1905 when it was provided a melody by Robindarnath Togore. – Reproduced
650 ## - SUBJECT ADDED ENTRY--TOPICAL TERM
Topical term or geographic name as entry element Bhakti, Nationalist movement
9 (RLIN) 35592
773 ## - HOST ITEM ENTRY
Main entry heading Yojana
906 ## - LOCAL DATA ELEMENT F, LDF (RLIN)
Subject DIP INDIA - HISTORY
942 ## - ADDED ENTRY ELEMENTS (KOHA)
Item type Articles
Holdings
Withdrawn status Lost status Source of classification or shelving scheme Damaged status Not for loan Permanent location Current location Date acquired Serial Enumeration / chronology Barcode Date last seen Koha item type
          Indian Institute of Public Administration Indian Institute of Public Administration 2022-10-26 66(10), Oct, 2022: p.45-47 AR127462 2022-10-26 Articles

Powered by Koha